=LDR 00000nam 2200000 4500 =001 INLIS000000000007142 =005 20200526085108 =035 ##$$a 0010-061300000007142 =008 200526################g##########0#ind## =041 ##$$a Ind =082 ##$$a 2x4.27 =090 ##$$a 2x4.27, Zuh r =100 1#$$a Zuhri, Muh =245 1#$$a Riba dalam Al-Qur'an dan masalah perbankan : $b Sebuah tilikan antisipatif /$c Dr. Muh Zuhri =260 ##$$a Jakarta :$b RajaGrafindo Persada,$c 1996 =300 ##$$a xii, 198 hlm. ; $c 14 x 20 cm. =650 #4$$a Riba =020 ##$$a 979-421-453-1 =084 ##$$a 2x4.27 ZUH r =504 ##$$a Bibliografi : hlm.189 - 198 =990 ##$$a 100.101/Pro-96